000 00916nas a2200313 4500
001 BR9002309
003 BR-BrBNA
005 20231205091849.0
007 ta
008 230509b bl.|||p| |||| 00| 00por d
040 _aBR-BrBNA
_bpor
_cBiblioteca Nacional de Agricultura
041 _a(Pt)
072 _aF02; E16; F30
100 1 _aSilveira, E.P.
100 1 _aAssis, F.N. de
100 1 _aGoncalves, P.R.
100 1 _aAlves, G.C.
245 1 _aEpoca de semeadura do girassol no sudeste do Rio Grande do Sul
650 _aGIRASSOL
650 _aEPOCA DE SEMEADURA
650 _aGRAO
650 _aOLEO
650 _aPRODUTIVIDADE
650 _aCARACTERISTICAS AGRONOMICAS
650 _aRIO GRANDE DO SUL
773 0 _tPesquisa Agropecuaria Brasileira (Brazil)
_xISSN 0100-204X
_g(May 1990), v. 25(5) p. 709-720
_wBR9002309
909 _a202311
_bLúcia
_c55
_dLúcia Elande
942 _2AGRIS
_n0
_cANA
999 _c127825
_d127825